[Event "4NCL 2014-15"]
[Site "Hinckley Island ENG"]
[Date "2015.05.02"]
[Round "9.132"]
[White "Hunt, Adam C"]
[Black "Sadler, Matthew D"]
[Result "0-1"]
[WhiteTitle "IM"]
[BlackTitle "GM"]
[WhiteElo "2437"]
[BlackElo "2658"]
[WhiteTeam "Blackthorne Russia"]
[BlackTeam "Guildford 1"]
[WhiteFideId "403970"]
[BlackFideId "400173"]
[EventDate "2014.11.15"]

1. e4 e6 2. d4 d5 3. Nc3 Nf6 4. Bg5 Bb4 5. e5 h6 6. Bc1 Ne4 7. Qg4 g6 8. Ne2 c5
9. a3 Bxc3+ 10. bxc3 cxd4 11. cxd4 Qa5+ 12. c3 Nc6 13. Be3 Ne7 14. Qh3 f6 15. f3
Ng5 16. Bxg5 fxg5 17. Qg4 Nf5 18. Kf2 Bd7 19. h4 gxh4 20. Qxg6+ Kd8 21. Rxh4
Nxh4 22. Qf6+ Kc7 23. Qxh4 Rh7 24. Qg4 Rc8 25. Qg6 Rhh8 26. Qg7 Rce8 27. Ke3 Kc8
28. Kd2 Qb6 29. Rc1 Qb2+ 30. Rc2 Qxa3 31. c4 Qb4+ 32. Nc3 dxc4 33. Ke3 Bc6 34.
Ne4 Rhg8 35. Qxh6 Qe1+ 36. Be2 Qg1+ 37. Nf2 Rxg2 38. Bxc4 Qe1+ 39. Kf4 Rxf2 40.
Bxe6+ Kb8 0-1

[Event "4NCL 2014-15"]
[Site "Hinckley Island ENG"]
[Date "2015.05.02"]
[Round "9.162"]
[White "Suarez Garcia, Carlos"]
[Black "Cooper, John G"]
[Result "1-0"]
[WhiteTitle "FM"]
[BlackTitle "IM"]
[WhiteElo "2376"]
[BlackElo "2339"]
[WhiteTeam "Hackney 1"]
[BlackTeam "South Wales Dragons"]
[WhiteFideId "22230858"]
[BlackFideId "1800027"]
[EventDate "2014.11.15"]

1. e4 e6 2. d4 d5 3. Nd2 c5 4. exd5 exd5 5. Ngf3 Nc6 6. Bb5 Bd6 7. dxc5 Bxc5 8.
Nb3 Bd6 9. O-O Ne7 10. Re1 O-O 11. Bg5 Bg4 12. Bh4 Re8 13. c3 Qb6 14. Be2 Nf5
15. Bg5 h6 16. Qxd5 Rxe2 17. Rxe2 hxg5 18. Nxg5 Nh6 19. Re4 Ne7 20. Qa5 Bf5 21.
Rd4 Bc7 22. Qxb6 Bxb6 23. Rd2 Nc6 24. Nf3 Be4 25. Nfd4 Nxd4 26. Nxd4 Nf5 27. Re1
Nd6 28. Nb3 Rd8 29. c4 1-0

[Event "4NCL 2014-15"]
[Site "Hinckley Island ENG"]
[Date "2015.05.03"]
[Round "10.111"]
[White "D'Costa, Lorin A R"]
[Black "Howell, David W L"]
[Result "0-1"]
[WhiteTitle "IM"]
[BlackTitle "GM"]
[WhiteElo "2430"]
[BlackElo "2670"]
[WhiteTeam "Barbican 4NCL 1"]
[BlackTeam "Cheddleton 1"]
[WhiteFideId "409219"]
[BlackFideId "410608"]
[EventDate "2014.11.15"]

1. d4 Nf6 2. c4 g6 3. Nf3 Bg7 4. e4 d6 5. h3 O-O 6. Bg5 c5 7. d5 a6 8. Nc3 b5 9.
Bd3 e6 10. O-O b4 11. Ne2 h6 12. Be3 exd5 13. cxd5 a5 14. Ng3 Re8 15. Re1 Ra7
16. Qd2 Kh7 17. Qc2 a4 18. Rad1 Nbd7 19. Bf4 Nb6 20. Bb5 Bd7 21. Bc6 Bf8 22.
Bxd7 Rxd7 23. h4 Rde7 24. h5 Qd7 25. hxg6+ fxg6 26. Re2 Ng4 27. Rde1 Rf7 28. Bc1
Bg7 29. Nf1 Ref8 30. N1h2 Nxh2 31. Nxh2 Be5 32. b3 a3 33. Be3 g5 34. f3 Qe7 35.
Ng4 Nd7 36. Kf2 h5 37. Rh1 Kg6 38. Nxe5+ Nxe5 39. Ke1 Qf6 40. Rf2 Qe7 41. Kd1 h4
42. Qe2 Nd7 43. Bc1 Qe5 44. Qd2 Rf4 45. Qc2 Qd4+ 46. Rd2 Qe5 47. Rf2 R4f6 48.
Qd3 Kg7 49. Qe3 Rg6 50. Rh3 Nf6 51. Rh1 Nh5 52. Qd2 Nf4 53. Re1 Rgf6 54. Qe3 g4
55. Rc2 g3 56. Rh1 Rh8 57. Qd2 Rh5 58. Qe3 Kf8 59. Qd2 Kf7 60. Qe3 Nxg2 61. Rxg2
h3 62. Re2 g2 63. Rg1 Qg3 64. f4 Qxe3 65. Bxe3 Rg6 66. Ke1 h2 0-1

[Event "4NCL 2014-15"]
[Site "Hinckley Island ENG"]
[Date "2015.05.03"]
[Round "10.112"]
[White "Hawkins, Jonathan"]
[Black "Turner, Matthew J"]
[Result "1/2-1/2"]
[WhiteTitle "GM"]
[BlackTitle "GM"]
[WhiteElo "2550"]
[BlackElo "2485"]
[WhiteTeam "Cheddleton 1"]
[BlackTeam "Barbican 4NCL 1"]
[WhiteFideId "412686"]
[BlackFideId "402893"]
[EventDate "2014.11.15"]

1. d4 Nf6 2. c4 e6 3. Nc3 d5 4. Nf3 Be7 5. Bg5 h6 6. Bh4 O-O 7. e3 Ne4 8. Bxe7
Qxe7 9. Rc1 c6 10. Bd3 Nxc3 11. Rxc3 dxc4 12. Bxc4 Nd7 13. Qc2 b6 14. Bd3 Nf6
15. e4 Bb7 16. O-O Rac8 17. Rc1 c5 18. dxc5 Rxc5 19. Rxc5 Qxc5 20. Qxc5 bxc5 21.
Ne5 Bxe4 22. Bxe4 Nxe4 23. Nc6 Kh7 24. f3 Rc8 25. Nxa7 Ra8 26. Nc6 Nd6 27. a3 c4
28. Kf2 Rc8 29. Ne5 f6 30. Ng4 Kg6 31. Ne3 f5 32. Ke2 f4 33. Rd1 Rb8 34. Rxd6
fxe3 35. Kxe3 Rxb2 36. g4 Kf6 37. Rc6 Rb3+ 38. Ke4 Rxa3 39. Rxc4 h5 40. gxh5 Ra5 1/2-1/2

[Event "4NCL 2014-15"]
[Site "Hinckley Island ENG"]
[Date "2015.05.03"]
[Round "10.113"]
[White "Ferguson, Mark"]
[Black "Eggleston, David J"]
[Result "0-1"]
[WhiteTitle "IM"]
[BlackTitle "IM"]
[WhiteElo "2415"]
[BlackElo "2424"]
[WhiteTeam "Barbican 4NCL 1"]
[BlackTeam "Cheddleton 1"]
[WhiteFideId "403547"]
[BlackFideId "412120"]
[EventDate "2014.11.15"]

1. e4 c5 2. Nf3 d6 3. Bb5+ Nd7 4. d4 cxd4 5. Qxd4 a6 6. Bxd7+ Bxd7 7. Nc3 e5 8.
Qd3 h6 9. Nd5 Nf6 10. Nxf6+ Qxf6 11. a4 Be7 12. O-O O-O 13. a5 Bc6 14. Nd2 Qg6
15. c4 f5 16. f3 fxe4 17. Nxe4 d5 18. Nf2 e4 19. Qc2 Rxf3 20. cxd5 Bxd5 21. Kh1
Rf5 22. Be3 Bd6 23. Nh3 Raf8 24. Rxf5 Qxf5 25. Bc5 Rc8 26. b4 Qe5 0-1

[Event "4NCL 2014-15"]
[Site "Hinckley Island ENG"]
[Date "2015.05.03"]
[Round "10.114"]
[White "Williams, Simon K"]
[Black "Cox, John J"]
[Result "1/2-1/2"]
[WhiteTitle "GM"]
[BlackTitle "IM"]
[WhiteElo "2429"]
[BlackElo "2361"]
[WhiteTeam "Cheddleton 1"]
[BlackTeam "Barbican 4NCL 1"]
[WhiteFideId "404454"]
[BlackFideId "401064"]
[EventDate "2014.11.15"]

1. d4 d5 2. c4 c6 3. cxd5 cxd5 4. Nc3 Nf6 5. Bf4 Nc6 6. e3 Bf5 7. Qb3 Na5 8.
Qa4+ Bd7 9. Qc2 e6 10. Bd3 Rc8 11. Nf3 Bb4 12. O-O O-O 13. Bg5 h6 14. Bh4 Nc4
15. Rac1 Qa5 16. Bxc4 Rxc4 17. Ne5 Rc7 18. Bxf6 gxf6 19. Nxd7 Rxd7 20. Qb3 Kg7
21. a3 Bd6 22. Ne2 Rc7 23. Rxc7 Qxc7 24. Rc1 Qb8 25. f4 Rc8 26. Nc3 Qc7 1/2-1/2

[Event "4NCL 2014-15"]
[Site "Hinckley Island ENG"]
[Date "2015.05.03"]
[Round "10.115"]
[White "Martyn, Rafe"]
[Black "Hamitevici, Vladimir"]
[Result "0-1"]
[WhiteTitle "FM"]
[BlackTitle "IM"]
[WhiteElo "2263"]
[BlackElo "2446"]
[WhiteTeam "Barbican 4NCL 1"]
[BlackTeam "Cheddleton 1"]
[WhiteFideId "409626"]
[BlackFideId "13902393"]
[EventDate "2014.11.15"]

1. d4 Nf6 2. c4 c5 3. d5 b5 4. Nf3 g6 5. cxb5 a6 6. b6 d6 7. Nc3 Nbd7 8. a4 Qxb6
9. a5 Qb4 10. Ra4 Qb7 11. e4 Bg7 12. Bc4 O-O 13. O-O Ne8 14. Qd3 Rb8 15. b3 Nc7
16. Bb2 f6 17. Raa1 Rf7 18. Na4 Nb5 19. Qd2 Qc7 20. Rfc1 Qd8 21. Rf1 g5 22. Rab1
h6 23. Rfe1 h5 24. h3 Qf8 25. Nh2 Nd4 26. Qd1 f5 27. Qxh5 g4 28. hxg4 fxe4 29.
g5 Rxf2 30. Ng4 Rf5 31. Rxe4 Qf7 32. Nh6+ Bxh6 33. Qxh6 Ne5 34. Rh4 Qg7 35.
Qxg7+ Kxg7 36. Bxd4 cxd4 37. Rxd4 Rxg5 38. Rf1 Rb4 39. Nb6 Bh3 40. Rd2 Nxc4 41.
bxc4 Rb3 42. Kh2 Bg4 43. Rdf2 Kg6 44. Re1 Rh5+ 45. Kg1 Re5 46. Rxe5 dxe5 47. Rc2
e4 48. c5 e3 49. Rc1 Rd3 50. Re1 Kg5 51. g3 Kf5 52. d6 exd6 53. cxd6 Ke4 54. Nc4
e2 55. Kf2 Rd1 56. d7 Rxd7 57. Nb2 Rf7+ 58. Kg2 Rf1 59. Rxf1 Bh3+ 0-1

[Event "4NCL 2014-15"]
[Site "Hinckley Island ENG"]
[Date "2015.05.03"]
[Round "10.116"]
[White "Johannesson, Ingvar Thor"]
[Black "Knott, Simon J B"]
[Result "0-1"]
[WhiteTitle "FM"]
[BlackTitle "IM"]
[WhiteElo "2378"]
[BlackElo "2316"]
[WhiteTeam "Cheddleton 1"]
[BlackTeam "Barbican 4NCL 1"]
[WhiteFideId "2301490"]
[BlackFideId "400645"]
[EventDate "2014.11.15"]

1. Nf3 Nf6 2. c4 g6 3. Nc3 d5 4. cxd5 Nxd5 5. Qb3 Nb6 6. d4 Be6 7. Qc2 Bg7 8. e4
O-O 9. Be3 Na6 10. Rd1 Nb4 11. Qb1 Bg4 12. a3 Nc6 13. d5 Ne5 14. Be2 Nxf3+ 15.
gxf3 Bh5 16. f4 Bxe2 17. Nxe2 Qd7 18. Bd4 c6 19. Bxg7 Kxg7 20. dxc6 Qxc6 21. Qd3
Rfd8 22. Qc3+ Qxc3+ 23. Nxc3 Nc4 24. Ke2 Nxb2 25. Rxd8 Rxd8 26. Rb1 Nd3 27. Rxb7
Nxf4+ 28. Ke1 Rd3 29. Nb1 a5 30. Rb5 a4 31. e5 Rh3 32. Kd2 Rxh2 33. Rb4 Nd5 34.
Rxa4 Rxf2+ 35. Kd3 Rf3+ 36. Kd2 Rb3 0-1

[Event "4NCL 2014-15"]
[Site "Hinckley Island ENG"]
[Date "2015.05.03"]
[Round "10.117"]
[White "Buchicchio, Giampaolo"]
[Black "Kirk, Ezra"]
[Result "0-1"]
[WhiteTitle "FM"]
[WhiteElo "2296"]
[BlackElo "2344"]
[WhiteTeam "Barbican 4NCL 2"]
[BlackTeam "Cheddleton 1"]
[WhiteFideId "811491"]
[BlackFideId "600067"]
[EventDate "2014.11.15"]

1. e4 c5 2. c3 d6 3. d4 Nf6 4. dxc5 Nc6 5. f3 d5 6. exd5 Nxd5 7. Bc4 e6 8. Bxd5
exd5 9. Be3 b6 10. cxb6 Bd6 11. Ne2 O-O 12. O-O axb6 13. Nd4 Ne5 14. b4 Nc4 15.
Bf2 Qg5 16. Re1 Bh3 17. g3 Rfe8 18. Rxe8+ Rxe8 19. Nb5 Bb8 20. N1a3 Nd2 21. Nc2
Nf1 22. f4 Qh6 23. Qxf1 Bxf1 24. Rxf1 Bxf4 25. Nbd4 Qg6 26. Rd1 h5 27. Kf1 Bh6
28. b5 h4 29. gxh4 Qe4 30. Ra1 Qh1+ 31. Bg1 Re4 32. Kf2 Rg4 33. Ne2 Qg2+ 34. Ke1
Re4 35. Bf2 Qh1+ 0-1

[Event "4NCL 2014-15"]
[Site "Hinckley Island ENG"]
[Date "2015.05.03"]
[Round "10.118"]
[White "Steil-Antoni, Fiona"]
[Black "Bhatia, Kanwal K"]
[Result "1/2-1/2"]
[WhiteTitle "WIM"]
[BlackTitle "WFM"]
[WhiteElo "2095"]
[BlackElo "2028"]
[WhiteTeam "Cheddleton 1"]
[BlackTeam "Barbican 4NCL 1"]
[WhiteFideId "4001249"]
[BlackFideId "407496"]
[EventDate "2014.11.15"]

1. e4 e5 2. Bc4 Nf6 3. d3 Nc6 4. Nc3 Na5 5. Nge2 Nxc4 6. dxc4 d6 7. O-O Be6 8.
b3 Be7 9. Qd3 O-O 10. f4 exf4 11. Nxf4 Nd7 12. Ncd5 Ne5 13. Nxe7+ Qxe7 14. Qg3
f6 15. Bb2 Kh8 16. Bxe5 dxe5 17. Nd5 Qc5+ 18. Qf2 Qxf2+ 19. Rxf2 Rf7 20. Rd1 Rd8
21. Kf1 Rfd7 22. Ke1 c6 23. Nc3 Rxd1+ 24. Nxd1 Kg8 25. Rd2 Rxd2 26. Kxd2 g6 27.
Nf2 Kf7 28. Nd3 Ke7 29. Ke3 Bc8 30. a3 Ke6 31. g3 f5 32. Nf2 b6 33. c3 c5 34. h4
Kf6 35. b4 Be6 36. bxc5 bxc5 37. Nd3 Bxc4 38. Nxc5 g5 39. Nd7+ Ke6 40. Nf8+ Ke7
41. Nxh7 f4+ 42. Kf2 fxg3+ 43. Kxg3 gxh4+ 44. Kxh4 Bd3 45. Ng5 Kd6 46. Kg4 Kc5
47. Kf5 Kc4 48. Kxe5 Kxc3 49. Kd5 Kb3 50. Kd4 Be2 51. e5 a5 52. e6 Kxa3 53. e7
Bh5 54. Ne4 Kb3 55. Nc5+ Kb4 56. Nd3+ Kb3 57. Nc5+ Kb4 1/2-1/2

[Event "4NCL 2014-15"]
[Site "Hinckley Island ENG"]
[Date "2015.05.03"]
[Round "10.121"]
[White "Wells, Peter K"]
[Black "Sadler, Matthew D"]
[Result "1/2-1/2"]
[WhiteTitle "GM"]
[BlackTitle "GM"]
[WhiteElo "2457"]
[BlackElo "2658"]
[WhiteTeam "White Rose 1"]
[BlackTeam "Guildford 1"]
[WhiteFideId "400327"]
[BlackFideId "400173"]
[EventDate "2014.11.15"]

1. d4 Nf6 2. c4 e6 3. Nf3 b6 4. g3 Ba6 5. b3 Bb4+ 6. Bd2 Be7 7. Bg2 c6 8. Bc3
Ne4 9. O-O d5 10. Ne5 O-O 11. Bb2 f5 12. Nd2 Bd6 13. Rc1 Bb7 14. Nd3 Nd7 15. f3
Nxd2 16. Qxd2 Qe7 17. e4 fxe4 18. fxe4 dxc4 19. bxc4 e5 20. d5 Nc5 21. Kh1 Rxf1+
22. Rxf1 Rf8 23. Rxf8+ Kxf8 24. Nxc5 Bxc5 25. Qc3 Bd6 26. h4 1/2-1/2

[Event "4NCL 2014-15"]
[Site "Hinckley Island ENG"]
[Date "2015.05.03"]
[Round "10.122"]
[White "Van Kampen, Robin"]
[Black "Adair, James R"]
[Result "0-1"]
[WhiteTitle "GM"]
[BlackTitle "IM"]
[WhiteElo "2615"]
[BlackElo "2421"]
[WhiteTeam "Guildford 1"]
[BlackTeam "White Rose 1"]
[WhiteFideId "1020854"]
[BlackFideId "406252"]
[EventDate "2014.11.15"]

1. e4 c5 2. Nf3 d6 3. d4 cxd4 4. Nxd4 Nf6 5. Nc3 a6 6. Qd3 g6 7. Bg5 Nbd7 8.
O-O-O e5 9. Nb3 Be7 10. Be2 b5 11. Kb1 Qc7 12. h4 h6 13. Bd2 Nb6 14. a3 Nc4 15.
Bc1 Be6 16. g4 Nxg4 17. Nd5 Bxd5 18. Bxg4 h5 19. Bh3 Bb7 20. f4 Bxh4 21. f5 g5
22. f6 g4 23. Bxg4 hxg4 24. Bg5 Bxg5 25. Rxh8+ Kd7 26. Rh7 Ke6 27. Rg1 Ne3 28.
Nd2 Rc8 29. c3 Bf4 30. Rxg4 Nxg4 31. Qh3 d5 32. Qxg4+ Kd6 0-1

[Event "4NCL 2014-15"]
[Site "Hinckley Island ENG"]
[Date "2015.05.03"]
[Round "10.123"]
[White "Emms, John M"]
[Black "Jones, Gawain C B"]
[Result "0-1"]
[WhiteTitle "GM"]
[BlackTitle "GM"]
[WhiteElo "2462"]
[BlackElo "2671"]
[WhiteTeam "White Rose 1"]
[BlackTeam "Guildford 1"]
[WhiteFideId "400254"]
[BlackFideId "409561"]
[EventDate "2014.11.15"]

1. e4 c5 2. Nf3 d6 3. d4 cxd4 4. Nxd4 Nf6 5. Nc3 g6 6. Bc4 Bg7 7. O-O O-O 8. Re1
Nc6 9. h3 Bd7 10. Be3 Rc8 11. Bb3 Na5 12. Nf3 a6 13. Qd2 b5 14. Bh6 Nc4 15. Bxc4
Rxc4 16. Bxg7 Kxg7 17. b3 Rc6 18. Nd5 e5 19. Nxf6 Qxf6 20. Re3 Rfc8 21. c3 Qf4
22. Rd1 Be6 23. Qe1 a5 24. Red3 a4 25. bxa4 bxa4 26. a3 Rc5 27. g3 Qf6 28. Kg2
R8c6 29. Qd2 Bb3 30. Rc1 Bc4 31. Re3 d5 32. exd5 Bxd5 33. Qe2 Qf5 34. Kh2 Rf6
35. Nxe5 Qxf2+ 36. Qxf2 Rxf2+ 37. Kg1 Rg2+ 38. Kf1 Ra2 39. c4 Bg2+ 40. Kg1 Bxh3
41. g4 Bg2 42. Nd3 Rg5 43. Nb4 Rb2 44. Rg3 Be4 45. c5 Rb3 46. Kf2 h5 47. c6 Rxg3
48. Kxg3 Rxg4+ 49. Kf2 Rg2+ 50. Ke3 Bxc6 51. Nxc6 Rg3+ 52. Ke4 Rxa3 53. Ne5 Ra2
54. Rc7 Re2+ 55. Kd5 Rd2+ 56. Ke4 Re2+ 57. Kd5 Rf2 58. Ra7 h4 59. Rxa4 h3 60.
Ra1 Rf4 61. Rh1 f6 62. Nd3 Rh4 63. Rh2 g5 64. Nf2 g4 65. Nh1 Kg6 66. Ng3 Kg5 67.
Rf2 Rh8 68. Ne4+ Kh4 69. Ke6 Ra8 70. Rf5 Ra4 71. Rf4 Ra5 72. Kxf6 h2 73. Rf1 g3
74. Kg6 g2 75. Rf4+ Kh3 76. Rf3+ Kg4 77. Rg3+ Kf4 0-1

[Event "4NCL 2014-15"]
[Site "Hinckley Island ENG"]
[Date "2015.05.03"]
[Round "10.124"]
[White "Edouard, Romain"]
[Black "Palliser, Richard J D"]
[Result "1/2-1/2"]
[WhiteTitle "GM"]
[BlackTitle "IM"]
[WhiteElo "2638"]
[BlackElo "2444"]
[WhiteTeam "Guildford 1"]
[BlackTeam "White Rose 1"]
[WhiteFideId "633429"]
[BlackFideId "407372"]
[EventDate "2014.11.15"]

1. d4 Nf6 2. c4 g6 3. g3 c5 4. Nf3 Bg7 5. Bg2 cxd4 6. Nxd4 O-O 7. Nc3 Qc7 8. b3
d5 9. Ndb5 Qa5 10. Bd2 dxc4 11. bxc4 Qd8 12. O-O a6 13. Na3 Nc6 14. Rb1 Qd6 15.
Nc2 Be6 16. Ne3 Rab8 17. Ned5 Ng4 18. Qa4 Bf5 19. Rbd1 Qc5 20. Bf4 Nge5 21. Ne3
b5 22. cxb5 axb5 23. Qb3 Nd4 24. Rxd4 Qxd4 25. Nxf5 gxf5 26. Nxb5 Qb6 27. a4
Rfd8 28. Qb4 e6 29. h3 Rbc8 30. Bg5 Rd4 31. Qb3 Rd7 32. Kh1 Qa5 33. Bf4 Ng6 34.
Bd6 Qd2 35. Bc7 Qxe2 36. a5 f4 37. Bxf4 Nxf4 38. gxf4 Rb8 39. Rb1 Ra7 40. Qa4
Qxf2 41. a6 Rd7 42. Rg1 1/2-1/2

[Event "4NCL 2014-15"]
[Site "Hinckley Island ENG"]
[Date "2015.05.03"]
[Round "10.125"]
[White "McNab, Colin A"]
[Black "Maze, Sebastien"]
[Result "1/2-1/2"]
[WhiteTitle "GM"]
[BlackTitle "GM"]
[WhiteElo "2426"]
[BlackElo "2562"]
[WhiteTeam "White Rose 1"]
[BlackTeam "Guildford 1"]
[WhiteFideId "2400030"]
[BlackFideId "613762"]
[EventDate "2014.11.15"]

1. c4 g6 2. g3 Bg7 3. Bg2 c5 4. Nf3 Nc6 5. Nc3 d6 6. O-O Bf5 7. a3 Qd7 8. Nd5
Nf6 9. d3 O-O 10. Bg5 Nxd5 11. cxd5 Ne5 12. Nxe5 Bxe5 13. Qd2 Rfe8 14. e4 Bh3
15. Bxh3 Qxh3 16. Be3 Bg7 17. d4 b6 18. Rac1 a5 19. dxc5 bxc5 20. b4 cxb4 21.
axb4 a4 22. Bd4 Bxd4 23. Qxd4 Qd7 24. Rc6 Reb8 25. Qc4 a3 26. b5 Qd8 27. Qb3 Qa5
28. b6 Rb7 29. Ra1 Qd2 30. Qc3 Qxc3 31. Rxc3 Ra4 32. Raxa3 Rxa3 33. Rxa3 Rxb6
34. Ra7 Kf8 35. Kg2 Rb4 36. Kf3 f5 37. exf5 gxf5 38. Ke3 Re4+ 39. Kd3 Re5 40.
Ra5 Kf7 41. f4 Re1 42. Ra2 h5 43. Rd2 Ke8 44. Ra2 Rd1+ 45. Kc4 Kf7 46. h4 Rg1
47. Ra3 Re1 48. Kd4 Re4+ 49. Kd3 Rb4 50. Kc3 Rb8 51. Kc4 Kf8 52. Ra7 Ke8 53. Ra3
Kf7 54. Ra7 Rb1 55. Ra3 Rd1 56. Ra8 Rg1 57. Ra3 Re1 58. Kd4 Re4+ 59. Kd3 e5 60.
dxe6+ Kxe6 61. Ra8 Rb4 62. Kc3 Rb7 63. Kd4 Rg7 64. Rh8 Rxg3 65. Rh6+ Ke7 66.
Rxh5 Ke6 67. Rh6+ Ke7 68. Rh7+ Ke6 69. Rh6+ 1/2-1/2

[Event "4NCL 2014-15"]
[Site "Hinckley Island ENG"]
[Date "2015.05.03"]
[Round "10.126"]
[White "Le Roux, Jean-Pierre"]
[Black "Townsend, M Paul"]
[Result "1-0"]
[WhiteTitle "GM"]
[WhiteElo "2539"]
[BlackElo "2249"]
[WhiteTeam "Guildford 1"]
[BlackTeam "White Rose 1"]
[WhiteFideId "609404"]
[BlackFideId "402320"]
[EventDate "2014.11.15"]

1. d4 e6 2. Nf3 d5 3. g3 Nf6 4. Bg2 Be7 5. O-O O-O 6. c4 Nbd7 7. Qc2 c6 8. Nc3
dxc4 9. Rd1 b5 10. b3 cxb3 11. axb3 Qb6 12. Ne5 Nxe5 13. dxe5 Nd5 14. Ne4 Bb7
15. Bg5 Bb4 16. Bd2 c5 17. Ng5 g6 18. Ne4 Rfd8 19. Bg5 Rd7 20. Qc1 c4 21. bxc4
Rc8 22. Rxd5 Rxd5 23. Nf6+ Kh8 24. Bxd5 Bxd5 25. cxd5 Rxc1+ 26. Rxc1 Kg7 27. Rc8
Bf8 28. Rxf8 1-0

[Event "4NCL 2014-15"]
[Site "Hinckley Island ENG"]
[Date "2015.05.03"]
[Round "10.127"]
[White "Gourlay, Iain"]
[Black "Stefanova, Antoaneta"]
[Result "0-1"]
[WhiteTitle "FM"]
[BlackTitle "GM"]
[WhiteElo "2378"]
[BlackElo "2515"]
[WhiteTeam "White Rose 1"]
[BlackTeam "Guildford 1"]
[WhiteFideId "2401533"]
[BlackFideId "2902257"]
[EventDate "2014.11.15"]

1. Nf3 Nf6 2. g3 g6 3. Bg2 Bg7 4. c4 O-O 5. O-O c6 6. Nc3 d5 7. cxd5 cxd5 8. d4
Ne4 9. Nxe4 dxe4 10. Ng5 Qxd4 11. Nxe4 Nc6 12. Qb3 Qe5 13. Nc3 Nd4 14. Qd1 Bg4
15. Be3 Rfd8 16. Bxd4 Rxd4 17. Qb3 a5 18. Qxb7 Rb8 19. Qa7 Rd7 20. Qa6 Rd6 21.
Qa7 Rd7 22. Qa6 Rxb2 23. Rac1 Rc7 24. Nd5 Rxc1 25. Rxc1 Rxa2 26. Qa8+ Bf8 27. h3
Qxe2 28. Nc3 Qxf2+ 29. Kh1 Rc2 30. Rxc2 Qxc2 31. Nd5 Be6 32. Qxa5 Bf5 33. Qd8
Qe2 34. Qa8 h5 35. Kh2 Qe5 36. h4 Kg7 37. Qa4 e6 38. Nf4 Bc5 39. Qc4 Qe3 40. Qf1
Bd6 41. Qc4 Bg4 42. Qf1 g5 0-1

[Event "4NCL 2014-15"]
[Site "Hinckley Island ENG"]
[Date "2015.05.03"]
[Round "10.128"]
[White "Hebden, Mark L"]
[Black "Maroroa, Sue"]
[Result "1-0"]
[WhiteTitle "GM"]
[BlackTitle "WIM"]
[WhiteElo "2498"]
[BlackElo "2096"]
[WhiteTeam "Guildford 2"]
[BlackTeam "White Rose 1"]
[WhiteFideId "400084"]
[BlackFideId "4301498"]
[EventDate "2014.11.15"]

1. d4 Nf6 2. Bg5 d5 3. e3 c5 4. Bxf6 gxf6 5. c4 dxc4 6. d5 Bf5 7. Nc3 Nd7 8.
Bxc4 Qb6 9. Nge2 O-O-O 10. e4 Bg6 11. f4 Bh6 12. O-O e5 13. f5 Bh5 14. Qd3 Bxe2
15. Qxe2 Rhg8 16. Rad1 Rg7 17. Rf3 Qd6 18. Nb5 Qb6 19. a4 a6 20. Na3 Qa5 21. Bb3
Nb6 22. d6 Kb8 23. Nc4 Qb4 24. a5 Nxc4 25. Bxc4 Qxa5 26. Ra3 Qb6 27. Rb3 Qa5 28.
Bxa6 b6 29. Bc4 Bg5 30. Ra3 Qb4 31. g3 h5 32. Bd5 Rxd6 33. Qa6 1-0

[Event "4NCL 2014-15"]
[Site "Hinckley Island ENG"]
[Date "2015.05.03"]
[Round "10.131"]
[White "Gormally, Daniel W"]
[Black "Ghasi, Ameet K"]
[Result "1/2-1/2"]
[WhiteTitle "GM"]
[BlackTitle "IM"]
[WhiteElo "2497"]
[BlackElo "2471"]
[WhiteTeam "Blackthorne Russia"]
[BlackTeam "Grantham Sharks 1"]
[WhiteFideId "406465"]
[BlackFideId "409200"]
[EventDate "2014.11.15"]

1. e4 c5 2. Nf3 e6 3. d4 cxd4 4. Nxd4 Nc6 5. Nc3 Qc7 6. f4 a6 7. Be3 b5 8. Nxc6
Qxc6 9. Be2 b4 10. Bf3 Bb7 11. e5 Qc7 12. Ne4 Nh6 13. Qd3 Bd5 14. Nd6+ Bxd6 15.
exd6 Qxd6 16. O-O-O O-O 17. Bxd5 exd5 18. Qxd5 Qg6 19. h3 1/2-1/2

[Event "4NCL 2014-15"]
[Site "Hinckley Island ENG"]
[Date "2015.05.03"]
[Round "10.132"]
[White "Rendle, Thomas E"]
[Black "Hunt, Adam C"]
[Result "1/2-1/2"]
[WhiteTitle "IM"]
[BlackTitle "IM"]
[WhiteElo "2378"]
[BlackElo "2437"]
[WhiteTeam "Grantham Sharks 1"]
[BlackTeam "Blackthorne Russia"]
[WhiteFideId "408760"]
[BlackFideId "403970"]
[EventDate "2014.11.15"]

1. e4 c5 2. Nf3 e6 3. g3 d6 4. Bg2 Nf6 5. Qe2 Be7 6. O-O O-O 7. d4 cxd4 8. Nxd4
a6 9. c4 Qc7 10. Nc3 Nc6 11. Rd1 Bd7 12. Nxc6 Bxc6 13. Bf4 h6 14. Rac1 e5 15.
Be3 Bd7 16. b3 Rac8 17. Qd2 Qb8 18. a4 Be6 19. a5 Bd8 20. Na4 Rc6 21. h3 Nd7 22.
f4 f6 23. f5 Bf7 24. Bf1 Nc5 25. Nxc5 1/2-1/2

[Event "4NCL 2014-15"]
[Site "Hinckley Island ENG"]
[Date "2015.05.03"]
[Round "10.133"]
[White "Ledger, Andrew J"]
[Black "Grund, Holger"]
[Result "1-0"]
[WhiteTitle "IM"]
[WhiteElo "2396"]
[BlackElo "2404"]
[WhiteTeam "Blackthorne Russia"]
[BlackTeam "Grantham Sharks 1"]
[WhiteFideId "400610"]
[BlackFideId "4624475"]
[EventDate "2014.11.15"]

1. e4 c6 2. Nc3 d6 3. f4 g6 4. Nf3 Bg7 5. Be2 Nf6 6. O-O O-O 7. Qe1 b5 8. a3 a5
9. d3 Na6 10. Qh4 b4 11. axb4 Nxb4 12. Bd1 d5 13. e5 Nd7 14. Na4 e6 15. Qf2 Rb8
16. Be3 Re8 17. h4 Bf8 18. h5 Qe7 19. d4 Na6 20. hxg6 fxg6 21. Ng5 h6 22. Nf3 c5
23. c3 cxd4 24. Nxd4 Qf7 25. Nc6 Ra8 26. Bc2 Nab8 27. Nd4 Ba6 28. Rfe1 Bb7 29.
Qg3 Kh7 30. Qh3 Nc6 31. Rf1 Nxd4 32. Bxd4 Bg7 33. Rf3 Nf8 34. Nc5 Bc6 35. g4 Kg8
36. Raf1 Bd7 37. Rg3 Rab8 38. b3 Bc8 39. Qg2 Qe7 40. Qe2 Qc7 41. Re3 Re7 42. Qg2
Rb5 43. Nd3 Qc6 44. c4 Rb8 45. f5 Rc7 46. f6 dxc4 47. Qxc6 Rxc6 48. fxg7 Kxg7
49. Nc5 cxb3 50. Rxb3 Rxb3 51. Bxb3 h5 52. gxh5 gxh5 53. Ra1 Kg6 54. Rxa5 Kf5
55. Ra7 Kg5 56. Be3+ Kh4 57. Rg7 Rb6 58. Bf2+ Kh3 59. Rg3+ Kh4 60. Rf3+ 1-0